Statistiques concernant Culture Générale - Série 1741

Cliquez ici pour prendre le quiz!

Statistiques générales

  • Ce quiz a été pris 233 fois
  • Le résultat moyen est 8 sur 10

Statistiques - réponses

QuestionRéponse% Correct
Dans quel pays peut-on admirer le "Taj Mahal" ?Inde
99%
Quelle est la langue officielle du Brésil ?portugais
95%
Quel pays abrite une espèce endémique d'oiseaux terrestres baptisés kiwis ?Nouvelle-Zélande
90%
Quelle île abrite les statues connues sous le nom de moaï ?Île de Pâques
89%
Dans quelle ville se trouve le siège des Nations Unies ?New York
85%
Quel pays est enclavé en Afrique du Sud ?Lesotho
79%
Qui était capitaine de l'équipe de France de football lors de la Coupe du monde 1998 ?Didier Deschamps
78%
Les deux pays finalistes de la première Coupe du Monde de rugby, en 1987, furent : Nouvelle-Zélande et ...France
77%
Quel pays concentre 90 % de sa population en zone urbaine ?Japon
53%
Quel sommet alpin a été escaladé pour la première fois en 1865 ?Cervin
25%

Distribution des résultats

Percentile par nombre de réponses

% des personnes avec chaque résultat

Votre développement - résultats

Vous n’avez pas pris ce quiz